000 00990nam a2200217Ii 4500
003 JO-AjNU
008 230605s9999||||xx |||||||||||||| ||und||
017 _a2013/21999
020 _a978-977-5017-14-7
040 _aJO-AjNU
_bara
_erda
_cJO-AjNU
041 _aara
050 1 4 _aHB3722.H3623 2014
100 3 _aالحماقي، يمن محمد حافظ,
_eauthor
_952077
245 0 0 _aمكانة الدول في الاقتصاد العالمي بعد الازمة المالية: رؤية تحليلية لبزوغ نجم الصين والحالة المصرية بعد الازمة في الاطار العالمي
264 3 1 _aالقاهرة: المنظمة العربية للتنمية الادارية، 2014
300 _a201ص
336 _atext
_btxt
_2rdacontent
337 _aunmediated
_bn
_2rdamedia
338 _avolume
_bnc
_2rdacarrier
650 4 _aالاقتصاد الدولي - الصين - احوال اقتصادية - مصر - احوال اقتصادية
_952078
999 _aA23047
_c26615
_d26615